Nota Kursus Penilaian Harta Pembangunan Untuk Penolong Pegawai Penilaian (12 - 21 November 1990)

Bibliographic Details
Format: Book
Subjects:
Online Access:http://app.inspen.gov.my:7779/pls/portal/docs/PAGE/CORPORATEPAGES/PORTAL_INSPEN/NOTA_KURSUS/AVO/BJ.PDF

MARC

LEADER 00000cam a2200000 7i4500
001 0000014638
005 20071204.0
040 |a INS 
090 0 0 |a AVO16 
245 0 0 |a Nota Kursus Penilaian Harta Pembangunan Untuk Penolong Pegawai Penilaian (12 - 21 November 1990) 
500 |a Digital document is available on-line; Please click the URL below 
650 0 0 |a Development property 
856 |u http://app.inspen.gov.my:7779/pls/portal/docs/PAGE/CORPORATEPAGES/PORTAL_INSPEN/NOTA_KURSUS/AVO/BJ.PDF 
999 |a AVO0000034   |b BOOK   |c Course Notes   |e Default branch